00146 a2200073 450000100060000010000160000624500230002226000270004510820 aA. K. Brohi aTestament of Faith abPublishers, Unitedc